| 000 | 01282cam a22003617a 4500 | ||
|---|---|---|---|
| 003 | CHAP | ||
| 005 | 20220817043521.0 | ||
| 008 | 990309d1995 mx r 00010 spa d | ||
| 010 | _a77195 | ||
| 011 | _a78167 | ||
| 035 | _a88029 | ||
| 040 | _cCHAP | ||
| 090 | _aFolleto 15147 | ||
| 100 | 0 | 0 |
_aZamudio Carrillo, Andrés. _9123553 |
| 245 | 1 | 0 |
_aRendimientos a la educación superior en México : _bajuste por sesgo utilizando máxima verosimilitud _c/por Andrés Zamudio Carrillo |
| 260 |
_aMéxico, D.F. : _bCentro de Investigación y Docencia Económicas. División de Economía, _c1995. |
||
| 300 |
_a16 h. : _bcuadros |
||
| 410 | 2 | 1 | _aCIDE. División de Economía |
| 490 | 0 |
_aDocumento de trabajo _v; 44 |
|
| 590 |
_aBATCH-UPD _b10 _c20130110 _lUCH01 _h1857 |
||
| 590 |
_aBATCH-UPD _b10 _c20130410 _lUCH01 _h1226 |
||
| 590 |
_aBATCH-UPD _b10 _c20130914 _lUCH01 _h1212 |
||
| 590 |
_aCONVERSION _b10 _c20130109 _lUCH01 _h1342 |
||
| 650 | 1 | 4 | _aEducación superior. |
| 650 | 1 | 4 |
_aEducación _xCostos. _935426 |
| 650 | 1 | 4 |
_aRendimiento escolar. _995908 |
| 810 | 0 | 0 |
_aCIDE. División de Economía _923094 |
| 830 | 0 |
_aDocumento de trabajo _v; 44 _933227 |
|
| 901 | _aBK | ||
| 905 | _aGuadalupe Pinto C. | ||
| 942 | _cFOLL | ||
| 949 |
_aFolleto 15147 _bBC _cFOLL _d880291 _eTS1 _i88029 _sb |
||
| 999 |
_c77195 _d77195 |
||